[Event "17th Costa del Sol it"]
[Site "Torremolinos ESP"]
[Date "1977.02.10"]
[Round "5"]
[White "Christiansen, Larry Mark"]
[Black "Ciocaltea, Victor"]
[Result "1/2-1/2"]
[WhiteElo "2460"]
[BlackElo "2365"]
[EventDate "1977.02.06"]
[PlyCount "68"]

1.Nf3 g6 2.e4 Bg7 3.d4 c6 4.Nc3 d5 5.Bf4 Bg4 6.h3 Bxf3 7.Qxf3 dxe4 8.Nxe4 
Nf6 9.Nxf6+ Bxf6 10.O-O-O Qd5 11.Qb3 Qxb3 12.axb3 O-O 13.Be2 Rd8 14.c3 Nd7
15.d5 cxd5 16.Rxd5 e6 17.Rdd1 Nb6 18.Bf3 Nd5 19.Bxd5 exd5 20.Be3 Rac8 21.
Bd4 Rc6 22.Rhe1 Kf8 23.Kc2 Bxd4 24.Rxd4 Re6 25.Red1 Re2+ 26.R1d2 Rxd2+ 27.
Kxd2 Ke7 28.Kd3 Rd7 29.Ra4 b6 30.Ra1 Kd6 31.Re1 Re7 32.Rxe7 Kxe7 33.Kd4 
Kd6 34.b4 a6 1/2-1/2

[Event "17th Costa del Sol it"]
[Site "Torremolinos ESP"]
[Date "1977.02.10"]
[Round "5"]
[White "Piasetski, Leon David"]
[Black "Bellon Lopez, Juan Manuel"]
[Result "1-0"]
[WhiteElo "2395"]
[BlackElo "2415"]
[EventDate "1977.02.06"]
[PlyCount "71"]

1.c4 Nf6 2.Nc3 c5 3.Nf3 b6 4.e4 d6 5.d4 Bg4 6.d5 e6 7.h3 Bxf3 8.Qxf3 e5 9.
g4 Be7 10.g5 Nfd7 11.h4 Na6 12.Bd2 Nc7 13.Qg3 a6 14.a4 O-O 15.Bh3 b5 16.a5
Re8 17.b3 Rb8 18.Nd1 Nf8 19.h5 bxc4 20.bxc4 Rb7 21.Ra3 Rb4 22.Rc3 Na8 23.
O-O Qxa5 24.f4 Rxc4 25.fxe5 Rxc3 26.Bxc3 Qc7 27.Qf4 Bxg5 28.Qxg5 dxe5 29.
h6 Ng6 30.hxg7 Nf4 31.Kh2 Qd6 32.Ne3 Qg6 33.Qxg6 hxg6 34.Ng4 Nh5 35.Bxe5 
f6 36.Nxf6+ 1-0

[Event "17th Costa del Sol it"]
[Site "Torremolinos ESP"]
[Date "1977.02.10"]
[Round "5"]
[White "Castro Rojas, Oscar Humberto"]
[Black "Pavlov, Mircea"]
[Result "1-0"]
[WhiteElo "2410"]
[BlackElo "2380"]
[EventDate "1977.02.06"]
[PlyCount "82"]

1.e4 c5 2.Nf3 d6 3.d4 Nf6 4.Bb5+ Bd7 5.Bxd7+ Qxd7 6.Nc3 cxd4 7.Nxd4 g6 8.
Nd5 Bg7 9.Bg5 Nc6 10.Nxf6+ exf6 11.Be3 O-O 12.O-O Rfe8 13.Nb5 Ne5 14.Qd5 
Rec8 15.Nxd6 Rxc2 16.Rab1 f5 17.Rfd1 fxe4 18.Qxe4 Qc6 19.Qh4 f6 20.Qh3 f5 
21.Bd4 Rf8 22.Qb3+ Nf7 23.Nb5 Qc4 24.Bxg7 Qxb3 25.axb3 Kxg7 26.Nd4 Rfc8 
27.Nxc2 Rxc2 28.Rd7 Kf6 29.Rxb7 Ne5 30.Rxh7 Nd3 31.Rxa7 Nxf2 32.h3 Nd3 33.
Ra4 g5 34.Rc4 Re2 35.b4 Nf4 36.Kf1 Rd2 37.Rc6+ Ke5 38.Rc5+ Kf6 39.Ra1 Kg6 
40.g4 fxg4 41.hxg4 Rd6 1-0

[Event "17th Costa del Sol it"]
[Site "Torremolinos ESP"]
[Date "1977.02.11"]
[Round "6"]
[White "Gheorghiu, Florin"]
[Black "Byrne, Robert"]
[Result "1/2-1/2"]
[WhiteElo "2545"]
[BlackElo "2580"]
[EventDate "1977.02.06"]
[PlyCount "40"]

1.d4 Nf6 2.c4 e6 3.Nc3 Bb4 4.e3 O-O 5.Bd3 c5 6.Nf3 d5 7.O-O dxc4 8.Bxc4 
cxd4 9.exd4 a6 10.Bg5 b5 11.Bd3 Bb7 12.a4 bxa4 13.Rxa4 Be7 14.Qe2 Bc6 15.
Raa1 a5 16.Rfd1 Nbd7 17.Bc4 Nb6 18.Ne5 Bb7 19.Bb3 Nfd5 20.Bxe7 Qxe7 
1/2-1/2

[Event "17th Costa del Sol it"]
[Site "Torremolinos ESP"]
[Date "1977.02.11"]
[Round "6"]
[White "Ruiz Gutierrez, Manuel"]
[Black "Medina Garcia, Antonio Angel"]
[Result "1/2-1/2"]
[WhiteElo "2260"]
[BlackElo "2345"]
[EventDate "1977.02.06"]
[PlyCount "56"]

1.d4 Nf6 2.c4 g6 3.Nc3 Bg7 4.e4 d6 5.Be2 O-O 6.Bg5 c5 7.d5 Qa5 8.f3 a6 9.
Qd2 e6 10.Bh6 Bxh6 11.Qxh6 exd5 12.cxd5 b5 13.h4 Ra7 14.Nh3 Bxh3 15.Rxh3 
Nbd7 16.h5 c4 17.Kf1 b4 18.Nd1 Rc7 19.Ne3 Ne5 20.f4 Nd3 21.Nf5 Ne8 22.
Qxh7+ Kxh7 23.hxg6+ Kg8 24.g7 Nxg7 25.Nh6+ Kh7 26.Ng4+ Nh5 27.Rxh5+ Kg7 
28.Rg5+ Kh8 1/2-1/2

[Event "17th Costa del Sol it"]
[Site "Torremolinos ESP"]
[Date "1977.02.11"]
[Round "6"]
[White "Garcia Padron, Jose"]
[Black "Hernandez Onna, Roman"]
[Result "1-0"]
[WhiteElo "2425"]
[BlackElo "2435"]
[EventDate "1977.02.06"]
[PlyCount "115"]

1.e4 c5 2.Nf3 Nc6 3.d4 cxd4 4.Nxd4 e6 5.Be2 Qc7 6.Nc3 a6 7.f4 d6 8.Be3 Nf6
9.O-O Be7 10.Qe1 O-O 11.Qg3 Nxd4 12.Bxd4 b5 13.a3 Bb7 14.Bd3 Rae8 15.Kh1 
e5 16.fxe5 Nh5 17.Qe3 dxe5 18.Bb6 Qb8 19.a4 b4 20.Ne2 Bd6 21.a5 Nf4 22.Bc4
Kh8 23.Ng3 f5 24.Rf2 Rc8 25.b3 Qa8 26.Re1 Be7 27.Qc1 fxe4 28.Qe3 Bg5 29.
Ref1 Nh3 30.Rxf8+ Rxf8 31.Rxf8+ Qxf8 32.Qe1 e3 33.Bxe3 Qf6 34.Qf1 Qxf1+ 
35.Nxf1 Nf4 36.Kg1 Bd8 37.Bb6 Be7 38.Ne3 g6 39.Bc7 Bf6 40.Bd6 Kg7 41.Bxb4 
e4 42.Bc5 Bc3 43.Bb6 Kf6 44.g3 Ne6 45.Bd5 Bc8 46.Bxe4 Ke5 47.Bg2 Nd4 48.
Bc7+ Ke6 49.Bh3+ Nf5 50.Nxf5 gxf5 51.Kg2 Kd5 52.Bb6 Bd7 53.Kf2 f4 54.Bf1 
fxg3+ 55.hxg3 Bf5 56.Bxa6 Bxc2 57.Bb5 Bxb3 58.a6 1-0

[Event "17th Costa del Sol it"]
[Site "Torremolinos ESP"]
[Date "1977.02.11"]
[Round "6"]
[White "Tatai, Stefano"]
[Black "Christiansen, Larry Mark"]
[Result "0-1"]
[WhiteElo "2480"]
[BlackElo "2460"]
[EventDate "1977.02.06"]
[PlyCount "74"]

1.e4 g6 2.d4 Bg7 3.Nf3 d6 4.Be2 Nf6 5.Nc3 O-O 6.O-O Bg4 7.Bg5 Nc6 8.Qd2 h6
9.Be3 Kh7 10.h3 $5 ( 10.Rfd1 {fue jugado en Tatai - Sharif, Nice 1974.} ) 
10...Bxf3 11.Bxf3 e5 12.d5 Ne7 13.Be2 $5 Nd7 14.g4 $5 Ng8 15.Kg2 Bf6 16.
Bb5 Nb6 17.a4 a5 18.Ne2 Bg5 19.Ng3 Kg7 20.b4 $5 axb4 21.a5 Bxe3 22.fxe3 
Nd7 23.Qxb4 $2 ( 23.Bxd7 {(Byrne - Mednis)} 23...Qxd7 24.Qxb4 {fuerza un 
intercambio necesario} ) 23...Nc5 $1 24.Rf3 Nf6 25.Raf1 $2 Nh7 $1 26.Bd3 
Qh4 27.Ne2 Ng5 $1 28.Rg3 b6 $1 29.axb6 Rab8 $6 ( {Era preferible} 29...
Rfb8 $1 ) 30.Ng1 Rxb6 31.Qc4 Ra6 32.Nf3 Nxf3 33.Rgxf3 h5 34.gxh5 Qxh5 35.
Rg3 Ra4 36.Qc3 Rxe4 $1 37.Bxe4 Qe2+ $1 ( 37...Qe2+ 38.Rf2 Qxf2+ 39.Kxf2 
Nxe4+ {gana un caballo} ) 0-1

[Event "17th Costa del Sol it"]
[Site "Torremolinos ESP"]
[Date "1977.02.11"]
[Round "6"]
[White "Bellon Lopez, Juan Manuel"]
[Black "Robatsch, Karl"]
[Result "1/2-1/2"]
[WhiteElo "2415"]
[BlackElo "2435"]
[EventDate "1977.02.06"]
[PlyCount "43"]

1.e4 c5 2.Nf3 Nc6 3.d4 cxd4 4.Nxd4 Nf6 5.Nc3 d6 6.Bc4 e6 7.Be3 a6 8.Bb3 
Be7 9.Qe2 Qc7 10.O-O-O Na5 11.g4 b5 12.g5 Nxb3+ 13.axb3 Nd7 14.f4 b4 15.
Nd5 exd5 16.exd5 Nb6 17.f5 Nxd5 18.f6 O-O 19.Qf3 Nxe3 20.Qxe3 Bd8 21.Rhf1 
Bd7 22.Rf4 1/2-1/2

[Event "17th Costa del Sol it"]
[Site "Torremolinos ESP"]
[Date "1977.02.11"]
[Round "6"]
[White "Ciocaltea, Victor"]
[Black "Castro Rojas, Oscar Humberto"]
[Result "1/2-1/2"]
[WhiteElo "2365"]
[BlackElo "2410"]
[EventDate "1977.02.06"]
[PlyCount "100"]

1.e4 Nc6 2.Nf3 d6 3.d4 Bg4 4.Nc3 Nf6 5.Be3 e6 6.h3 Bh5 7.d5 exd5 8.exd5 
Ne5 9.g4 Nxf3+ 10.Qxf3 Bg6 11.Bb5+ Nd7 12.Qe2 a6 13.Ba4 Qe7 14.O-O-O O-O-O
15.f4 f6 16.Rhe1 Be8 17.Qc4 Qf7 18.Bxd7+ Qxd7 19.Qd4 c5 20.dxc6 bxc6 21.
Qb6 Qb7 22.Qa5 Be7 23.Bb6 Rd7 24.Re4 d5 25.Re3 d4 26.Rxd4 Rxd4 27.Bxd4 Bb4
28.Qa4 Bf7 29.Ne4 Re8 30.c3 Bf8 31.c4 Rd8 32.Rb3 Rxd4 33.Rxb7 Kxb7 34.Nd2 
Bd6 35.Qb3+ Kc7 36.Qe3 c5 37.Ne4 Rxc4+ 38.Kd1 Rd4+ 39.Ke1 Bf8 40.Nc3 Bd6 
41.Ne4 Bf8 42.Nc3 Bd6 43.Qf3 Bxf4 44.Qa8 Bg3+ 45.Kf1 Bc4+ 46.Kg2 Be5 47.
Qa7+ Kc6 48.b3 Rd2+ 49.Kf3 Rd3+ 50.Kg2 Rd2+ 1/2-1/2

[Event "17th Costa del Sol it"]
[Site "Torremolinos ESP"]
[Date "1977.02.11"]
[Round "6"]
[White "Pavlov, Mircea"]
[Black "Piasetski, Leon David"]
[Result "1/2-1/2"]
[WhiteElo "2380"]
[BlackElo "2395"]
[EventDate "1977.02.06"]
[PlyCount "35"]

1.e4 e6 2.d4 d5 3.Nc3 Bb4 4.e5 Qd7 5.Nf3 b6 6.Bd2 Bb7 7.Bd3 Nc6 8.O-O Bf8 
9.a3 Na5 10.Ne2 Ne7 11.b3 Nec6 12.Re1 O-O-O 13.Nf4 Kb8 14.Bc3 Be7 15.Nh5 
Rhg8 16.Nf4 Rh8 17.Nh5 Rhg8 18.Nf4 1/2-1/2

[Event "17th Costa del Sol it"]
[Site "Torremolinos ESP"]
[Date "1977.02.12"]
[Round "7"]
[White "Medina Garcia, Antonio Angel"]
[Black "Gheorghiu, Florin"]
[Result "0-1"]
[WhiteElo "2345"]
[BlackElo "2545"]
[EventDate "1977.02.06"]
[PlyCount "74"]

1.e4 c5 2.Nf3 d6 3.d4 Nf6 4.Nc3 cxd4 5.Nxd4 a6 6.g3 e6 7.Bg2 Be7 8.O-O Qc7
9.Re1 O-O 10.a4 Nc6 11.Nb3 b6 12.f4 Rb8 13.Be3 Na5 14.Nd4 Bb7 15.g4 Nc4 
16.Bc1 Qc5 17.g5 e5 18.gxf6 Bxf6 19.Ne2 exd4 20.Kh1 Ne3 21.Bxe3 dxe3 22.c3
Bh4 23.Ng3 f5 24.exf5 Bxg3 25.hxg3 Bxg2+ 26.Kxg2 Rxf5 27.Qf3 Re8 28.Rad1 
Rf6 29.Rd5 Qc4 30.Rd4 Qb3 31.Qd5+ Qxd5+ 32.Rxd5 Re4 33.Rd4 Rxd4 34.cxd4 g5
35.Kf3 gxf4 36.gxf4 Re6 37.Re2 Kf7 $138 {se cayo la bandera del blanco} 
0-1

[Event "17th Costa del Sol it"]
[Site "Torremolinos ESP"]
[Date "1977.02.12"]
[Round "7"]
[White "Byrne, Robert"]
[Black "Garcia Padron, Jose"]
[Result "1-0"]
[WhiteElo "2580"]
[BlackElo "2425"]
[EventDate "1977.02.06"]
[PlyCount "61"]

1.e4 c5 2.Nf3 Nc6 3.d4 cxd4 4.Nxd4 g6 5.c4 Nf6 6.Nc3 Nxd4 7.Qxd4 d6 8.Bg5 
Bg7 9.f3 O-O 10.Qd2 Be6 11.Rc1 Qa5 12.b3 a6 $6 ( 12...Rfc8 13.Be2 a6 {
Jugado en Karpov - Kavalek, Nice 1974.} ) 13.Nd5 $1 Qxd2+ 14.Kxd2 Bxd5 15.
cxd5 Rfc8 $6 ( 15...e6 $1 16.dxe6 fxe6 17.g3 d5 18.Bh3 dxe4 19.Bxe6+ Kh8 {
dominando el centro} ) 16.Rxc8+ Rxc8 17.g3 $1 {Las blancasa adquieren 
ventaja posicional} 17...Kf8 $2 ( 17...e6 18.Bh3 Re8 19.dxe6 fxe6 {
Defiende bien (Byrne - Mednis).} ) 18.Bh3 $1 Rc7 19.Rc1 $1 Rxc1 20.Kxc1 
Ke8 21.Bc8 $1 b6 22.Bxa6 {Ganando un peon} 22...Kd8 23.Bb5 h6 24.Be3 Kc7 
25.Kc2 e6 26.Bc6 g5 27.Kd3 Ng8 28.Kc4 Ne7 29.Kb5 Nc8 30.Ka6 Bc3 31.Bb7 {
Byrne gana otro peon} 1-0

[Event "17th Costa del Sol it"]
[Site "Torremolinos ESP"]
[Date "1977.02.12"]
[Round "7"]
[White "Christiansen, Larry Mark"]
[Black "Ruiz Gutierrez, Manuel"]
[Result "1/2-1/2"]
[WhiteElo "2460"]
[BlackElo "2260"]
[EventDate "1977.02.06"]
[PlyCount "125"]

1.e4 c6 2.d3 d5 3.Nd2 e5 4.Ngf3 Qc7 5.g3 Nf6 6.Bg2 Be7 7.O-O dxe4 8.dxe4 
O-O 9.b3 Re8 10.Bb2 Bf8 11.a4 a5 12.Re1 Nbd7 13.Nc4 h6 14.Qd2 Bb4 15.c3 
Bf8 16.b4 b6 17.Bf1 c5 18.b5 Bb7 19.Qc2 Nh7 20.Rad1 Ndf6 21.Bc1 g5 22.Bg2 
Nh5 23.h4 f6 24.Ne3 Rad8 25.Nf5 Bc8 26.Bh3 c4 27.Qe2 Bxf5 28.Bxf5 Ng7 29.
Bg6 Rxd1 30.Rxd1 Rc8 31.Kg2 Be7 32.Bxh7+ Kxh7 33.hxg5 hxg5 34.Nh2 Kg6 35.
Ng4 Rh8 36.Qf3 Qc8 37.Ba3 Qe6 38.Bxe7 Qxe7 39.Ne3 Qe6 40.Qg4 Qxg4 41.Nxg4 
Re8 42.Ne3 Ne6 43.Nxc4 Rc8 44.Nxb6 Rxc3 45.Nd5 Rc4 46.b6 Nc5 47.Ne7+ Kf7 
48.Nc6 Na6 49.Nxa5 Rxa4 50.Nb7 Rb4 51.Nd8+ Ke8 52.Rd6 Nc5 53.Nc6 Rxb6 54.
Rxf6 Nxe4 55.Re6+ Kd7 56.Rxe5 Nxf2 57.Kxf2 Rxc6 58.Rxg5 Ke7 59.Kf3 Kf7 60.
Ra5 Kg7 61.Kg4 Rb6 62.Kh4 Rc6 63.g4 1/2-1/2

[Event "17th Costa del Sol it"]
[Site "Torremolinos ESP"]
[Date "1977.02.12"]
[Round "7"]
[White "Hernandez Onna, Roman"]
[Black "Bellon Lopez, Juan Manuel"]
[Result "1/2-1/2"]
[WhiteElo "2435"]
[BlackElo "2415"]
[EventDate "1977.02.06"]
[PlyCount "116"]

1.c4 Nf6 2.Nc3 e5 3.g3 Bb4 4.Bg2 O-O 5.Nf3 Re8 6.O-O c6 7.a3 Bf8 8.d3 Na6 
9.b4 Nc7 10.Bb2 a5 11.Qb3 Ne6 12.e4 d6 13.Rfd1 Ng4 14.h3 Nh6 15.d4 axb4 
16.axb4 Rxa1 17.Bxa1 exd4 18.Nxd4 Nxd4 19.Rxd4 Be6 20.b5 Qg5 21.Rd1 Qc5 
22.Bf1 Ra8 23.Bb2 Be7 24.bxc6 bxc6 25.Qb7 Re8 26.e5 dxe5 27.Ne4 Qb4 28.
Qxc6 Rc8 29.Qb5 f6 30.Qa6 Bf5 31.g4 Bxe4 32.Qxc8+ Kf7 33.Bc1 Qb3 34.Re1 
Bb7 35.Re3 Qxe3 36.Qxb7 Qxc1 37.Qd5+ Kg6 38.Qe4+ Kg5 39.Qxh7 Bf8 40.Kg2 f5
41.Bd3 e4 42.Bxe4 fxe4 43.Qxe4 Qd2 44.c5 Qc3 ( 44...Kf6 45.Qf3+ Ke7 46.
Qe4+ Kd7 ) 45.Qd5+ Kg6 46.c6 Kh7 47.g5 Nf7 48.Qxf7 Qxc6+ 49.Kg3 Bd6+ 50.f4
Bb4 51.Qh5+ Kg8 52.Qe2 g6 53.h4 Qc3+ 54.Kg4 Qc8+ 55.Kg3 Qc3+ 56.Kg4 Kf7 
57.Qa2+ Kg7 58.Qa7+ Kf8 1/2-1/2

[Event "17th Costa del Sol it"]
[Site "Torremolinos ESP"]
[Date "1977.02.12"]
[Round "7"]
[White "Castro Rojas, Oscar Humberto"]
[Black "Tatai, Stefano"]
[Result "1/2-1/2"]
[WhiteElo "2410"]
[BlackElo "2480"]
[EventDate "1977.02.06"]
[PlyCount "85"]

1.Nf3 f5 2.g3 Nf6 3.Bg2 g6 4.d4 Bg7 5.Nc3 O-O 6.Bf4 c6 7.Qd2 b5 8.a3 Qb6 
9.Bh6 Ne4 10.Qf4 e5 11.Nxe5 Bxh6 12.Qxh6 Qxd4 13.Bxe4 fxe4 14.f4 exf3 15.
Nxf3 Qg7 16.Qh4 d5 17.O-O Na6 18.e4 d4 19.Ne2 c5 20.Ng5 Bd7 21.e5 Bf5 22.
g4 h6 23.gxf5 gxf5 24.Ng3 Qxg5 25.Qxg5+ hxg5 26.Nxf5 Rae8 27.Rae1 Nc7 28.
h4 gxh4 29.Re4 Nd5 30.Rf3 Ne3 31.Nxh4 Rxf3 32.Nxf3 Kf7 33.c3 Rg8+ 34.Kh1 
dxc3 35.Rxe3 cxb2 36.Rb3 Rg3 37.Rxb2 Rxf3 38.Rxb5 Rc3 39.Ra5 Ke6 40.Rxa7 
Rc2 41.Kg1 Kxe5 42.Rd7 Ra2 43.Kf1 1/2-1/2

[Event "17th Costa del Sol it"]
[Site "Torremolinos ESP"]
[Date "1977.02.12"]
[Round "7"]
[White "Robatsch, Karl"]
[Black "Pavlov, Mircea"]
[Result "1-0"]
[WhiteElo "2435"]
[BlackElo "2380"]
[EventDate "1977.02.06"]
[PlyCount "99"]

1.c4 Nf6 2.Nc3 c5 3.Nf3 d5 4.cxd5 Nxd5 5.g3 Nc6 6.Bg2 g6 7.Qb3 Nc7 8.Ng5 
e6 9.Bxc6+ bxc6 10.d3 f6 11.Nge4 Be7 12.Be3 Na6 13.Na4 Qa5+ 14.Bd2 Qb5 15.
Rc1 Qxb3 16.axb3 Rb8 17.Nexc5 Nxc5 18.Nxc5 Rb5 19.Be3 Bxc5 20.Bxc5 Rxb3 
21.Bxa7 Rxb2 22.Bd4 Ra2 23.Bxf6 Rf8 24.Be5 Ba6 25.f4 Bb5 26.Ra1 Rxa1+ 27.
Bxa1 Kd7 28.Be5 Ra8 29.Kf2 Ra4 30.Rb1 Ke7 31.Kf3 Kf7 32.g4 Ra2 33.h4 Ra7 
34.Ke3 Ra4 35.Bd4 Ra2 36.Rh1 Ba4 37.h5 Bb5 38.g5 Ba4 39.hxg6+ hxg6 40.Rh7+
Kf8 41.Bc3 Rc2 42.Be5 c5 43.Rg7 Be8 44.Rc7 Ba4 45.Bd6+ Kg8 46.Rc8+ Kf7 47.
Rf8+ Kg7 48.Rf6 Ra2 49.Rxe6 Bd1 50.Kf2 1-0

[Event "17th Costa del Sol it"]
[Site "Torremolinos ESP"]
[Date "1977.02.12"]
[Round "7"]
[White "Piasetski, Leon David"]
[Black "Ciocaltea, Victor"]
[Result "0-1"]
[WhiteElo "2395"]
[BlackElo "2365"]
[EventDate "1977.02.06"]
[PlyCount "80"]

1.Nf3 Nf6 2.d4 g6 3.b3 Bg7 4.Bb2 O-O 5.g3 d6 6.Bg2 c6 7.O-O a5 8.a4 Na6 9.
Nbd2 Nb4 10.e4 Nd7 11.Re1 Nb6 12.Re2 c5 13.Qb1 cxd4 14.Bxd4 f6 15.Qb2 Nc6 
16.Bc3 e5 17.Rd1 Be6 18.Nf1 Qc7 19.Ne3 Rfd8 20.Nd5 Bxd5 21.exd5 Ne7 22.Bh3
f5 23.Ng5 Nexd5 24.Bd2 e4 25.Qc1 Re8 26.c4 Nb4 27.Bxb4 axb4 28.Qd2 h6 29.
Qxd6 Qxd6 30.Rxd6 Nc8 31.Re6 Rf8 32.Rxg6 hxg5 33.Rxg5 Ne7 34.Rd2 Rad8 35.
Rxd8 Rxd8 36.Bxf5 Nxf5 37.Rxf5 Rd3 38.Rb5 Rxb3 39.Rxb7 Rb2 40.a5 Bd4 0-1

[Event "17th Costa del Sol it"]
[Site "Torremolinos ESP"]
[Date "1977.02.13"]
[Round "8"]
[White "Gheorghiu, Florin"]
[Black "Garcia Padron, Jose"]
[Result "1/2-1/2"]
[WhiteElo "2545"]
[BlackElo "2425"]
[EventDate "1977.02.06"]
[PlyCount "36"]

1.d4 d5 2.c4 e6 3.Nc3 Nf6 4.cxd5 exd5 5.Bg5 Be7 6.e3 O-O 7.Bd3 c6 8.Qc2 
Nbd7 9.Nf3 Re8 10.O-O h6 11.Bh4 Ne4 12.Bxe4 Bxh4 13.Bh7+ Kh8 14.Bd3 Be7 
15.Rab1 a5 16.a3 Bd6 17.b4 axb4 18.axb4 Nf6 1/2-1/2

[Event "17th Costa del Sol it"]
[Site "Torremolinos ESP"]
[Date "1977.02.13"]
[Round "8"]
[White "Medina Garcia, Antonio Angel"]
[Black "Christiansen, Larry Mark"]
[Result "0-1"]
[WhiteElo "2345"]
[BlackElo "2460"]
[EventDate "1977.02.06"]
[PlyCount "78"]

1.e4 g6 2.Nc3 Bg7 3.g3 d6 4.Bg2 c5 5.d3 Nc6 6.Be3 e5 7.Qd2 Be6 8.Nge2 Nd4 
9.f4 Ne7 10.O-O Qd7 11.Rf2 O-O 12.Raf1 f5 13.Kh1 Rfc8 14.b3 b5 15.fxe5 
dxe5 16.Bg5 Kh8 17.Ng1 Ng8 18.Nf3 b4 19.exf5 gxf5 20.Nd1 Ne7 21.Bh6 Ng6 
22.Bxg7+ Kxg7 23.Ne3 Re8 24.Ng5 f4 25.Nc4 Bxc4 26.bxc4 Qg4 27.gxf4 exf4 
28.Nf3 Nf5 29.Re1 Re3 30.Ng1 Rae8 31.Be4 Rxe1 32.Qxe1 Ne3 33.Qa1+ Kh6 34.
Qf6 Re6 35.Qf7 Qh4 36.Rf3 Ng4 37.Rh3 Nf2+ 38.Kg2 Nxh3 39.Qxe6 f3+ $138 {
aqui se cayo la bandera blanca} 0-1

[Event "17th Costa del Sol it"]
[Site "Torremolinos ESP"]
[Date "1977.02.13"]
[Round "8"]
[White "Bellon Lopez, Juan Manuel"]
[Black "Byrne, Robert"]
[Result "0-1"]
[WhiteElo "2415"]
[BlackElo "2580"]
[EventDate "1977.02.06"]
[PlyCount "44"]

1.g3 g6 2.Bg2 Bg7 3.d4 d5 4.c3 Nf6 5.Nh3 c6 6.O-O O-O 7.f3 Qb6 8.Nf2 Nbd7 
9.Qb3 e5 10.Qxb6 axb6 11.e4 b5 12.exd5 Nxd5 13.dxe5 Nxe5 14.f4 Nc4 15.Re1 
Bf5 16.Ne4 Rfd8 17.Bf1 Na5 18.Nbd2 b4 19.a4 bxc3 20.bxc3 Nxc3 21.Ra3 Re8 
22.Bg2 Bxe4 0-1

[Event "17th Costa del Sol it"]
[Site "Torremolinos ESP"]
[Date "1977.02.13"]
[Round "8"]
[White "Ruiz Gutierrez, Manuel"]
[Black "Castro Rojas, Oscar Humberto"]
[Result "0-1"]
[WhiteElo "2260"]
[BlackElo "2410"]
[EventDate "1977.02.06"]
[PlyCount "88"]

1.d4 d5 2.Nf3 Bg4 3.e3 Nc6 4.c4 Nf6 5.Nc3 Qd7 6.cxd5 Nxd5 7.Be2 e6 8.O-O 
Bd6 9.Bd2 O-O 10.Rc1 Nf6 11.h3 Bh5 12.Ng5 Bg6 13.f4 Rfd8 14.Be1 Nb4 15.a3 
Nbd5 16.Bf2 Rac8 17.Nf3 Nxc3 18.bxc3 Ne4 19.Qb3 c5 20.Bh4 Be7 21.Ne5 Qc7 
22.Bxe7 Qxe7 23.Nxg6 hxg6 24.Qb2 Ng3 25.Rfe1 Nxe2+ 26.Rxe2 cxd4 27.cxd4 g5
28.Rxc8 Rxc8 29.fxg5 Qc7 30.Kf2 b6 31.Qb5 Rd8 32.Qd3 Rc8 33.h4 g6 34.Qe4 
b5 35.Rb2 a6 36.Qd3 Qc1 37.Qb1 Qc3 38.Qa2 Qd3 39.Rd2 Qe4 40.d5 Rc3 41.Re2 
exd5 42.Qb2 Qxh4+ 43.g3 Qh2+ 44.Kf3 Qh1+ 0-1

[Event "17th Costa del Sol it"]
[Site "Torremolinos ESP"]
[Date "1977.02.13"]
[Round "8"]
[White "Pavlov, Mircea"]
[Black "Hernandez Onna, Roman"]
[Result "0-1"]
[WhiteElo "2380"]
[BlackElo "2435"]
[EventDate "1977.02.06"]
[PlyCount "114"]

1.e4 c5 2.Nf3 Nc6 3.d4 cxd4 4.Nxd4 g6 5.Nc3 Bg7 6.Be3 Nf6 7.Bc4 O-O 8.Bb3 
a5 9.f3 d6 10.h4 Bd7 11.a4 Qb8 12.h5 Nxh5 13.g4 Nf6 14.Qd2 Ne5 15.Bh6 Bh8 
16.Bxf8 Qxf8 17.O-O-O Rc8 18.Qh2 e6 19.Qe2 h5 20.gxh5 Nxh5 21.Rdg1 Qh6+ 
22.Kb1 Bg7 23.Qf2 Nc4 24.Bxc4 Rxc4 25.Nde2 Bxa4 26.Rd1 Bc6 27.Rxd6 a4 28.
Rd8+ Kh7 29.Rd3 Qg5 30.Ng3 a3 31.Nxh5 gxh5 32.f4 Qa5 33.Qe2 Qb6 34.Nd1 
Bxe4 35.Rxh5+ Kg8 36.Rg5 Bxd3 37.cxd3 Rc1+ 38.Kxc1 a2 39.Qe5 a1=Q+ 40.Kd2 
Qb4+ 41.Ke2 Qf8 42.Ne3 Qa2 43.Qf6 Qb3 44.Rg3 b6 45.Rg5 e5 46.fxe5 Qxb2+ 
47.Kd1 Qb1+ 48.Ke2 Qb2+ 49.Kd1 Qb1+ 50.Ke2 Qa2+ 51.Kd1 Qe6 52.Ke2 Qa2+ 53.
Kd1 Qe6 54.Ke2 Kh7 55.Rh5+ Bh6 56.Qf4 Qg7 57.d4 Kg8 0-1

[Event "17th Costa del Sol it"]
[Site "Torremolinos ESP"]
[Date "1977.02.13"]
[Round "8"]
[White "Tatai, Stefano"]
[Black "Piasetski, Leon David"]
[Result "1-0"]
[WhiteElo "2480"]
[BlackElo "2395"]
[EventDate "1977.02.06"]
[PlyCount "79"]

1.d4 Nf6 2.c4 c5 3.d5 e6 4.Nc3 exd5 5.cxd5 d6 6.Nf3 g6 7.e4 Bg7 8.Bg5 h6 
9.Bh4 g5 10.Bg3 Nh5 11.Bb5+ Kf8 12.Be2 Nxg3 13.fxg3 Nd7 14.O-O Qe7 15.Kh1 
a6 16.a4 Kg8 17.Qc2 Rh7 18.Nd1 Ne5 19.Ne3 h5 20.Nc4 Nxc4 21.Bxc4 h4 22.
gxh4 gxh4 23.e5 h3 24.e6 Rh6 25.Rae1 fxe6 26.dxe6 b5 27.axb5 axb5 28.Bd5 
Bb7 29.Qe4 Ra4 30.Qf5 hxg2+ 31.Kxg2 Bxd5 32.Qxd5 Rg4+ 33.Kh1 Kh8 34.Qa8+ 
Kh7 35.Rg1 Rxg1+ 36.Rxg1 Rh5 37.Qe4+ Kh8 38.Qg4 Rh6 39.Ng5 Be5 40.Rg2 {
Tiempo} 1-0

[Event "17th Costa del Sol it"]
[Site "Torremolinos ESP"]
[Date "1977.02.13"]
[Round "8"]
[White "Ciocaltea, Victor"]
[Black "Robatsch, Karl"]
[Result "1/2-1/2"]
[WhiteElo "2365"]
[BlackElo "2435"]
[EventDate "1977.02.06"]
[PlyCount "26"]

1.e4 c5 2.Nf3 Nc6 3.Bb5 e6 4.O-O Nge7 5.b3 Nd4 6.Be2 Nec6 7.c3 Nxe2+ 8.
Qxe2 d5 9.exd5 Qxd5 10.d4 cxd4 11.cxd4 Bb4 12.Na3 Bd7 13.Nc4 O-O 1/2-1/2

[Event "17th Costa del Sol it"]
[Site "Torremolinos ESP"]
[Date "1977.02.15"]
[Round "9"]
[White "Christiansen, Larry Mark"]
[Black "Gheorghiu, Florin"]
[Result "1-0"]
[WhiteElo "2460"]
[BlackElo "2545"]
[EventDate "1977.02.06"]
[PlyCount "85"]

{Dos favoritos se encuentran} 
1.c4 c5 2.Nf3 Nf6 3.Nc3 e6 4.e3 d5 5.cxd5 Nxd5 6.d4 cxd4 7.exd4 Be7 8.Bd3 
Nc6 9.O-O O-O 10.Re1 Nf6 11.a3 b6 12.Bc2 Bb7 13.Qd3 g6 14.Bh6 Re8 15.Rad1 
Rc8 16.Bb3 Na5 17.Ba2 Nd5 18.Ne4 $5 {Las blancas controlan mas territorio}
18...Rc7 $5 ( 18...Nf6 19.Nc3 Nd5 20.Ne5 Bf8 21.Qh3 {Tambien da ventaja a 
las balncas} ) 19.Ne5 Bf8 $6 ( {Preferible era} 19...Nc6 ) 20.Bg5 $1 Be7 
21.Bxe7 Rexe7 22.Bxd5 $6 ( 22.Qg3 $1 Nc6 23.h4 {al ataque} ) 22...exd5 23.
Nf6+ Kg7 24.Qh3 $1 h5 ( 24...Kxf6 $2 25.Ng4+ $1 {El rey puede ir en 
cualquier direccion, pero las blancas ganaran de todos modos} ) 25.Nxh5+ 
$6 ( 25.Qh4 $1 Qd6 {(Christiansen)} 26.Nxh5+ $1 gxh5 27.Rd3 $1 {Y las 
blancas tienen ataque ganador} ) 25...gxh5 26.Rd3 Qh8 $1 27.Rg3+ Kf8 28.
Rg5 Re6 $2 ( 28...h4 $1 29.Qf5 ( 29.Rg4 $2 Rxe5 30.dxe5 Qxe5 $1 ) 29...Rc6
30.Rh5 Qg8 {Defiende adecuadamente} ) 29.Qxe6 $6 ( 29.Rxh5 $1 Qf6 30.f4 $1
{Gana para las blancas} ) 29...fxe6 30.Ng6+ Kg7 31.Nxh8+ Kxh8 32.Rxh5+ Kg7
33.h4 {Las blancas entran mejor en el final} 33...Nc6 $6 ( {Lo correcto es
} 33...Bc8 $1 34.Re3 Kg6 ) 34.Rxe6 Nxd4 35.Rg5+ Kh7 36.Rd6 $5 Rf7 $5 37.f3
$5 Nf5 $4 38.Rxf5 $1 Rxf5 39.Rd7+ Kg6 40.Rxb7 Rf4 41.Rxa7 {Las blancas han
llegado a un final de torres ganado} 1-0

[Event "17th Costa del Sol it"]
[Site "Torremolinos ESP"]
[Date "1977.02.15"]
[Round "9"]
[White "Castro Rojas, Oscar Humberto"]
[Black "Medina Garcia, Antonio Angel"]
[Result "1-0"]
[WhiteElo "2410"]
[BlackElo "2345"]
[EventDate "1977.02.06"]
[PlyCount "51"]

1.e4 e5 2.Nc3 Nf6 3.Nf3 g6 4.Bc4 Bg7 5.d3 d6 6.Bg5 Nc6 7.h3 h6 8.Be3 Na5 
9.Qd2 Nxc4 10.dxc4 b6 11.O-O-O Bb7 12.Qd3 O-O 13.g4 Nd7 14.Nd5 Re8 15.h4 
c6 16.Nc3 Re6 17.Qd2 Qf8 18.h5 g5 19.Ng1 Rd8 20.Nge2 Nf6 21.Ng3 d5 22.Nf5 
Nxg4 23.Bxg5 hxg5 24.Qxg5 Rf6 25.h6 Nxh6 26.Rxh6 $138 {y aqui se cayo la 
bandera del negro} 1-0

[Event "17th Costa del Sol it"]
[Site "Torremolinos ESP"]
[Date "1977.02.15"]
[Round "9"]
[White "Byrne, Robert"]
[Black "Pavlov, Mircea"]
[Result "1/2-1/2"]
[WhiteElo "2580"]
[BlackElo "2380"]
[EventDate "1977.02.06"]
[PlyCount "46"]

1.e4 c5 2.Nf3 d6 3.d4 Nf6 4.Nc3 cxd4 5.Nxd4 Nc6 6.Bg5 e6 7.Qd2 a6 8.O-O-O 
Bd7 9.f4 b5 10.Bxf6 gxf6 11.Nxc6 Bxc6 12.Qe3 Qe7 13.Bd3 b4 14.Ne2 Qa7 15.
Qxa7 Rxa7 16.Nd4 Ba8 17.Rhe1 Bh6 18.g3 Ke7 19.Bc4 Rc8 20.b3 Rc5 21.Bd5 Kd7
22.Bxa8 Rxa8 23.Rd3 Rac8 1/2-1/2